| 000 | 00672nam a22002297a 4500 | ||
|---|---|---|---|
| 003 | LK-CoMWRAF | ||
| 005 | 20231006153233.0 | ||
| 008 | 231006b |||||||| |||| 00| 0 eng d | ||
| 020 | _a1559635509 | ||
| 040 |
_aLK-CoMWRAF _dLK-CoMWRAF _eLK-CoMWRAF |
||
| 041 | _aeng | ||
| 082 |
_a363.7 _bBUC |
||
| 100 | _aBuck, Susan J. | ||
| 245 |
_aThe global commons: _ban introduction |
||
| 260 |
_aWashington, D.C: _bIsland Press, _c1998 |
||
| 300 |
_axiv, 225 p. ; 24 cm. _bBibliography, glossary & index included |
||
| 650 | _aENVIROMNETAL POLICY | ||
| 650 | _aGlobal commons | ||
| 650 | _aNatural resources, Communal | ||
| 650 | _aEnvironmental management. | ||
| 942 | _cBK | ||
| 999 |
_c3806 _d3806 |
||